Представление документа в формате RUSMARC

ПолеНазваниеЗначение
  Тип записи a
  Библиографический уровень a
001 Контрольный номер RU/CBS_UL/BASE/4a4c104aaaf14e9e839f2e5ee6cbe349
005 Дата корректировки 20250516114902.4
100 Данные общей обработки __
a Данные общей обработки 20250516 ||| 0rusy0189 ca
101 Язык документа 0_
a Язык текста rus
102 Страна публикации __
a Страна публикации RU
200 Заглавие и сведения об ответственности 1_
a Заглавие Жизнь на МКС
e Сведения, относящиеся к заглавию [распорядок дня на МКС]
300 Общие примечания __
a Общие примечания 6+
461 Уровень набора _0
1 2000
a Классный журнал
463 Уровень физической единицы _0
1 2000
a № 4
v С. 23 : фото
1 2101
d 2025
1 001RU/CBS_UL/BASE/4ebe48e479ad4f07a90fa1dc2d1dfc7e
606 Тематические рубрики 0_
a Основная рубрика Международные космические станции
610 Ключевые слова 0_
a Ключевые слова международные космические станции
610 Ключевые слова 0_
a Ключевые слова МКС
610 Ключевые слова 0_
a Ключевые слова распорядок дня на МКС
686 Индексы других классификаций __
2 Код системы rubbk
a Классификационный индекс 39.642
801 Источник записи _0
a Страна RU
b Организация МБУК ЦБС г. Ульяновска
c Дата составления 20250516
g Правила каталогизации RCR
801 Источник записи _1
a Страна RU
b Организация МБУК ЦБС г. Ульяновска
c Дата составления 20250516
g Правила каталогизации RCR
901 Тип документа __
t Тип документа b
w Контрольный № источника RU/CBS_UL/BASE/4ebe48e479ad4f07a90fa1dc2d1dfc7e
909 Создатель записи __
a Создатель записи lib2